000 00253nam a2200097Ia 4500
001 919277
005 20250826185948.0
008 250824s9999 xx 000 0 und d
245 0 _aTANKLAR KABEYE DAYANMADAN
_cİBRAHİM KARAGÜL
260 _bKETEBE YAYINLARI
999 _c919277
_d919277